AH International Schools' Libraries

The dragon's promise / (Record no. 50216)

MARC details
000 -LEADER
fixed length control field 00441nam a2200145 4500
020 ## - INTERNATIONAL STANDARD BOOK NUMBER
International Standard Book Number 9780593300985
100 ## - MAIN ENTRY--PERSONAL NAME
Personal name Lim, Elizabeth.
9 (RLIN) 85449
245 ## - TITLE STATEMENT
Title The dragon's promise /
Statement of responsibility, etc Elizabeth Lim.
260 ## - PUBLICATION, DISTRIBUTION, ETC. (IMPRINT)
Place of publication, distribution, etc New York:
Name of publisher, distributor, etc Ember;
Date of publication, distribution, etc 2025.
300 ## - PHYSICAL DESCRIPTION
Extent 482 p.
Dimensions 21 cm.
490 ## - SERIES STATEMENT
Series statement Six Crimson Cranes; Bk.2
650 ## - SUBJECT ADDED ENTRY--TOPICAL TERM
Topical term or geographic name as entry element sacrifice and self-discovery. Power and Corruption.
Form subdivision Fiction.
9 (RLIN) 87260
655 ## - INDEX TERM--GENRE/FORM
Genre/form data or focus term Fantasy.
9 (RLIN) 56253
942 ## - ADDED ENTRY ELEMENTS (KOHA)
Source of classification or shelving scheme
Koha item type YA FIC BOOKS
Holdings
Withdrawn status Lost status Source of classification or shelving scheme Damaged status Not for loan Collection code Home library Current library Date acquired Total Checkouts Full call number Barcode Date last seen Price effective from Koha item type
          SECONDARY Asian Hope Secondary Library Asian Hope Secondary Library 02/27/2026   YA FIC LIM BK.2 210818 02/27/2026 02/27/2026 YA FIC BOOKS

For any Logos Library related questions please contact Miss Art at swongnarasuk@asianhope.org.

For any Asian Hope Library related questions please contact Miss Raza at graza@asianhope.org.

Powered by Koha